Statistics for Death Race for Love

Click here to take the quiz!

General Stats

  • This quiz has been taken 21 times
  • The average score is 15 of 23

Answer Stats

Answer% Correct
Demonz
92%
Empty
92%
Maze
85%
10 Feet
77%
Fast
77%
Robbery
77%
Bandit
69%
Flaws and Sins
69%
HeMotions
69%
Syphilis
69%
Who Shot Cupid?
69%
Hear Me Calling
62%
ON GOD
62%
Rider
62%
Big
54%
Desire
54%
Feeling
54%
Ring Ring
54%
She's The One
54%
Make Believe
46%
Out My Way
46%
Won't Let Go
46%
The Bees Knees
38%

Score Distribution

Percentile by Number Answered

Percent of People with Each Score

Your Score History

You have not taken this quiz